000 00497nam a2200217Ia 4500
005 20250425161728.0
008 250425s9999 xx 000 0 und d
020 _a9978800557
041 _aspa
082 _a863.69866
100 _aICAZA, JORGE
245 0 _aEL CHULLA ROMERO Y FLORES
250 _a1A ED.
260 _aEcuador
_bLIBRESA
_c1989
260 _aQUITO
300 _a246
500 _aCOLECCION ANTARES
650 _aNOVELA ECUATORIANA
942 _c01
010 _a26784
999 _c214906
_d214906